| 000 | 00797nam a2200217 4500 | ||
|---|---|---|---|
| 001 | 113226 | ||
| 003 | ES-MaACL | ||
| 005 | 20250809022419.0 | ||
| 007 | t| | ||
| 008 | 061121s1910 fr r ||||1| fre d | ||
| 100 | 1 |
_aMyrbach-Rheinfeld, Franz von. _981576 |
|
| 245 | 1 | 0 |
_aPrécis de droit financier / _cpar Franz Myrbach-Rheinfeld ; introduction française par E. Bouché Leclercq. |
| 260 |
_aParis : _bGiard, _c1910. |
||
| 300 |
_aXVI, 398 p. ; _c23 cm. |
||
| 490 | 1 | _aBibliothèque internationale de science et de législation financière | |
| 650 | 7 |
_aDerecho financiero _2embne _9147741 |
|
| 700 | 1 |
_aBouché-Leclercq, E. _9147740 |
|
| 830 | 0 |
_aBibliothèque internationale de science et de législation financière _9233174 |
|
| 852 |
_aES-MaACL _jF-9216 |
||
| 999 |
_c113226 _d113226 |
||